Ekonomický rast a nezamestnanosť

Kľúčovými ukazovateľmi výkonnosti a stavu ekonomiky sú tempá rastu hrubého domáceho produktu (HDP) a vývoj miery nezamestnanosti. Sú vnútorne prepojené, tvoria isté „spojité nádoby“. Pri raste HDP sa zapája viacej ľudí do procesu jeho tvorby, a preto by sa logicky mala v krajine znižovať miera nezam...

Full description

Saved in:
Bibliographic Details
Main Author: Vlachynský, Karol
Format: Book Chapter
Language:Slovak
Subjects:
Tags: Add Tag
No Tags, Be the first to tag this record!

MARC

LEADER 00000naa a2200000 4500
001 0121102
005 20231103072455.7
041 0 |a slo 
044 |a SK 
245 1 0 |a Ekonomický rast a nezamestnanosť  |c Karol Vlachynský 
520 |a Kľúčovými ukazovateľmi výkonnosti a stavu ekonomiky sú tempá rastu hrubého domáceho produktu (HDP) a vývoj miery nezamestnanosti. Sú vnútorne prepojené, tvoria isté „spojité nádoby“. Pri raste HDP sa zapája viacej ľudí do procesu jeho tvorby, a preto by sa logicky mala v krajine znižovať miera nezamestnanosti a naopak. V skutočnosti však tento vzťah nie je tak priamočiary. Reakcie miery nezamestnanosti na zmeny v objeme HDP nie sú lineárne a dochádza k nim s rôznym časovým posunom. Tempá rastu HDP v jednotlivých štvrťrokoch v SR (2007-2010). Miera nezamestnanosti ekonomicky činného obyvateľstva SR (2007-2010). 
610 2 0 |a rast hospodársky 
610 2 0 |a produkt domáci hrubý 
610 2 0 |a nezamestnanosť 
610 2 0 |a zamestnanosť 
610 2 0 |a kríza hospodárska 
610 2 0 |a vývoj 
610 2 0 |a Slovensko 
100 1 |a Vlachynský, Karol